000
00207nam a22000857a 4500
008
160713b xxu||||| |||| 00| 0 eng d
100
_9
2739
_a
Maxwell, J.C
245
_a
The Prelude
260
_a
N.Y
_b
Penguin
_c
1971
999
_c
2381
_d
2381